Wa Ehya qa Nastaeen (Record no. 614639)

000 -LEADER
fixed length control field 00247nam a22001217a 4500
040 ## - CATALOGING SOURCE
Transcribing agency 0
082 ## - DEWEY DECIMAL CLASSIFICATION NUMBER
Classification number 297
Author Mark H344 W
100 ## - MAIN ENTRY--PERSONAL NAME
Personal name Dr. Farhat Hashmi
9 (RLIN) 130456
245 ## - TITLE STATEMENT
Title Wa Ehya qa Nastaeen
260 ## - PUBLICATION, DISTRIBUTION, ETC.
Date of publication, distribution, etc. 2012
300 ## - PHYSICAL DESCRIPTION
Extent 70p.
942 ## - ADDED ENTRY ELEMENTS (KOHA)
Source of classification or shelving scheme
Koha item type Book
Holdings
Withdrawn status Lost status Source of classification or shelving scheme Damaged status Not for loan Permanent Location Current Location Date acquired Total Checkouts Full call number Barcode Date last seen Price effective from Koha item type
          School of Chemical & Materials Engineering (SCME) School of Chemical & Materials Engineering (SCME) 09/08/2025   297 H344 W SCME-D293 09/08/2025 09/08/2025 Book
© 2023 Central Library, National University of Sciences and Technology. All Rights Reserved.